00666nam a2200181Ia 4500008004100000020001500041041001200056082001600068100002000084245010600104260003800210300000800248650001600256700001800272942000700290999001500297952017200312221030s9999 xx 000 0 und d a9814033588 aEnglish a105.23bPat aD. A. Patterson 0aComputer Organisation & Design - The Hardware / Software Interfacecby D. A. Patterson, J. L. Hennrry bMorgan Kauf Pub.aSingaporec2000 a759 aBE Computer aJ. L. Hennrry cBK c6673d6673 pBE 2025g350.00l0o105.23 Patr2024-06-13 00:00:00w2022-10-30yBK003Print4070aMIETLIBbMIETLIBcBL-Academic Block C, FL-2, CUP-105, SH-5, R-5d2000-09-2810HBE